1001 1693 1499 1035 1054 1176 1055 1367 1739 1461 1889 1758 1314 1828 1447 1340 1870 1105 1929 1089 1500 1846 1882 1558 1690 1964 1825 1168 1164 1618 1053 1060 1991 1292 1307 1903 1649 1362 1962 1150 1940 1228 1836 1903 1392 1611 1478 1369 1837 1389 1043 1951 1039 1222 1233 1652 1487 1937 1277 1322 1359 1114 1605 1306 1143 1586 1987 1879 1850 1027 1473 1254 1560 1283 1029 1506 1539 1226 1102 1587 1227 1433 1709 1241 1412 1641 1949 1846 1086 1345 1734 1504 1471 1417 1263 1820 1176 1706 1564 BCNSPRNW ULIB Ver.6.0+V

เปลี่ยนเป็นภาษาไทย

Change to English
 แสดงรายละเอียดบรรณานุกรม
  กลับหน้าหลัก

Brief Record : Get Marc (ISO 2709) : E-mail record : QR code < ปิดหน้าต่าง
LEADER : 00000nam 2200000uu 4500
001    13399121462
003     ULIB
008    121120s2548||||th 000 0 tha d
020    ^a9749274997
035    ^a13508
050 04 ^aZ665&^8225;bน522ห
100 0  ^aน้ำทิพย์ วิภาวิน
245 10 ^aห้องสมุดมีชีวิต = A Living library
250    ^aพิมพ์ครั้งที่ 1
260    ^aกรุงเทพฯ:&^8225;bรุ่งโรจน์อินเตอร์กรุ๊ป,&^8225;c2548
300    ^a140 ; 24
650  7 ^aห้องสมุดและบริการของห้องสมุด
945    ^p149^l0^i24017
995    ^aวิภา
999    ^aวิภา
รายการนี้ยังไม่มีแท็ก
คุณยังไม่ได้ล็อกอิน คุณสามารถมีกิจกรรมร่วมกับเว็บไซต์ได้ แต่ต้องล็อกอินก่อน ::
  ล็อกอิน

รายการสื่อสารสนเทศ

ลำดับที่ ประเภท เลขเรียก/บาร์โค้ด สถานที่ สถานะ
1. วิทยาศาสตร์การแพทย์ และสุขภาพ
วิทยาศาสตร์การแพทย์ และสุขภาพ
Z665& 225;bน522ห  
  Barcode: 24017
ห้องสมุดวิทยาเขตสวรรค์ประชารักษ์
►หนังสือทั่วไป
บนชั้น

รายการใกล้เคียง
    ผู้แต่ง [น้ำทิพย์ วิภาวิน]

    หัวเรื่อง [ห้องสมุดและบริการของห้องสมุด]

BibComment


ยังไม่เคยถูกคอมเมนท์

คอมเมนท์ทรัพยากรรายการนี้
  คอมเมนท์: ห้องสมุดมีชีวิต ..


 Copyright 2026. Bcnsprnw @Library